Quantitative security metrics for secure VM migration protocols (Record no. 13311)

000 -LEADER
fixed length control field 00465nam a22001337a 4500
082 ## - DEWEY DECIMAL CLASSIFICATION NUMBER
Classification number MSCCS-4 TAY
100 ## - MAIN ENTRY--PERSONAL NAME
Personal name Tayyaba Zeb
9 (RLIN) 98503
245 ## - TITLE STATEMENT
Title Quantitative security metrics for secure VM migration protocols
260 ## - PUBLICATION, DISTRIBUTION, ETC.
Place of publication, distribution, etc. Islamabad
Name of publisher, distributor, etc. NUST-SEECS
Date of publication, distribution, etc. 2015
300 ## - PHYSICAL DESCRIPTION
Extent 63p.
Accompanying material CD Include
500 ## - GENERAL NOTE
General note Supervisors: Dr. Abdul Ghafoor, Dr. Awais Shibli, Dr. Ali Haider, Dr. Zahid Anwar
856 ## - ELECTRONIC LOCATION AND ACCESS
Uniform Resource Identifier <a href="http://10.250.8.41:8080/xmlui/handle/123456789/8215">http://10.250.8.41:8080/xmlui/handle/123456789/8215</a>
942 ## - ADDED ENTRY ELEMENTS (KOHA)
Koha item type Project Report
Source of classification or shelving scheme
Holdings
Withdrawn status Lost status Damaged status Not for loan Collection code Permanent Location Current Location Shelving location Date acquired Total Checkouts Full call number Barcode Date last seen Price effective from Koha item type Source of classification or shelving scheme
          Central Library (CL) Central Library (CL) General Stacks 08/04/2015   MSCCS-4 TAY SEECSP01711 08/02/2015 08/02/2015 Project Report  
          Central Library (CL) Central Library (CL) Thesis 09/03/2019   005 CL-T-3300 09/03/2019 09/03/2019 Project Report  
          Central Library (CL) Central Library (CL) Thesis 10/09/2019   005 MSCCS-4 TAY CL-T-3390 10/09/2019 10/09/2019 Thesis  
© 2023 Central Library, National University of Sciences and Technology. All Rights Reserved.